| 000 | 00371nam a22001457a 4500 | ||
|---|---|---|---|
| 003 | OSt | ||
| 005 | 20240403122731.0 | ||
| 008 | 240403b |||||||| |||| 00| 0 eng d | ||
| 040 | _cCentral Library MRSPTU | ||
| 100 | _aHarjot Singh Sidhu | ||
| 245 | _aYou've Got to Find What You Love | ||
| 260 |
_aPatiala _bAarna Printimg Solutions |
||
| 300 | _a118 | ||
| 942 |
_2ddc _cBK _n0 |
||
| 999 |
_c9965 _d9965 |
||